[Event "Miercurea Ciuc Bancpost op 20th"]
[Site "Miercurea Ciuc"]
[Date "2017.08.19"]
[Round "3"]
[White "Nagy Elek, Tamas"]
[Black "Ghinea, Constantin"]
[Result "1/2-1/2"]
[WhiteElo "1439"]
[BlackElo "1680"]
[PlyCount "120"]
[EventDate "2017.08.17"]
[EventType "swiss"]
[EventRounds "9"]
[EventCountry "ROU"]
[SourceTitle "EXT 2020"]
[Source "ChessBase"]
[SourceDate "2019.10.17"]
[SourceVersion "1"]
[SourceVersionDate "2019.10.17"]
[SourceQuality "1"]

1. e4 d5 2. exd5 Nf6 3. d4 Nxd5 4. c4 Nb4 5. Qa4+ N8c6 6. a3 b5 7. cxb5 Qxd4 8. axb4 Nxb4 9. Nc3 e5 10. Be3 Qg4 11. Rc1 Bd6 12. Qd1 Qg6 13. Nd5 0-0 14. Nf3 Bg4 15. h3 Nxd5 16. Qxd5 Be6 17. Qd1 Rad8 18. Bd2 e4 19. Nd4 e3 20. Bxe3 Bb4+ 21. Ke2 Qh5+ 22. f3 Rfe8 23. Qd3 Bd6 24. Re1 Bd7 25. g4 Qg5 26. h4 Qf4 27. Kd2 Qg3 28. Re2 Rxe3 29. Rxe3 Bf4 30. Kc3 Bxe3 31. Qxe3 Qd6 32. Bc4 Qb6 33. b4 c5 34. bxc6 Bxc6 35. Nf5 Qb7 36. Ne7+ Kh8 37. Nxc6 Qxc6 38. Re1 Qa4 39. Qc1 a5 40. Qb2 axb4+ 41. Qxb4 Qc6 42. Re3 Qf6+ 43. Kb3 Qa1 44. Qc3 Qb1+ 45. Ka4 Ra8+ 46. Qa5 Rxa5+ 47. Kxa5 Qa1+ 48. Kb5 g6 49. Re8+ Kg7 50. Re7 Qb2+ 51. Ka4 Qc2+ 52. Kb4 Qd2+ 53. Kb5 Qb2+ 54. Ka4 Qa1+ 55. Kb5 Qb1+ 56. Kc5 Qg1+ 57. Kb5 Qg3 58. Rxf7+ Kh8 59. Rf8+ Kg7 60. Rf7+ Kh8 1/2-1/2

[Event "Miercurea Ciuc Bancpost op 19th"]
[Site "Miercurea Ciuc"]
[Date "2016.08.20"]
[Round "6"]
[White "Ghinea, Constantin"]
[Black "Kiraly, Ferenc1111"]
[Result "0-1"]
[WhiteElo "1667"]
[BlackElo "1830"]
[PlyCount "36"]
[EventDate "2016.08.14"]
[EventType "swiss"]
[EventRounds "7"]
[EventCountry "ROU"]
[SourceTitle "EXT 2020"]
[Source "ChessBase"]
[SourceDate "2019.10.17"]
[SourceVersion "1"]
[SourceVersionDate "2019.10.17"]
[SourceQuality "1"]

1. e4 d6 2. d4 Nf6 3. Nc3 g6 4. Be2 Bg7 5. Be3 c6 6. h3 Nbd7 7. Qd2 e5 8. Nf3 0-0 9. g4 Qe7 10. Bd3 d5 11. g5 Nxe4 12. Bxe4 dxe4 13. Nxe4 exd4 14. Nf6+ Nxf6 15. gxf6 Bxf6 16. Nxd4 Rd8 17. 0-0-0 c5 18. Nf5 Bxf5 0-1

[Event "Miercurea Ciuc Bancpost op 19th"]
[Site "Miercurea Ciuc"]
[Date "2016.08.17"]
[Round "4"]
[White "Enachi, Alisa Francesca"]
[Black "Ghinea, Constantin"]
[Result "0-1"]
[WhiteElo "1122"]
[BlackElo "1667"]
[PlyCount "100"]
[EventDate "2016.08.14"]
[EventType "swiss"]
[EventRounds "7"]
[EventCountry "ROU"]
[SourceTitle "EXT 2020"]
[Source "ChessBase"]
[SourceDate "2019.10.17"]
[SourceVersion "1"]
[SourceVersionDate "2019.10.17"]
[SourceQuality "1"]

1. e4 e5 2. Nf3 Nc6 3. Bb5 a6 4. Ba4 Nf6 5. 0-0 b5 6. Bb3 d6 7. Re1 Be7 8. d4 Bg4 9. dxe5 Nxe5 10. Nbd2 0-0 11. h3 Bh5 12. g4 Bg6 13. Nh4 c5 14. f4 Nfxg4 15. Nxg6 Nxg6 16. Qxg4 c4 17. Nxc4 bxc4 18. Bxc4 Rc8 19. Bd3 Bh4 20. Rf1 Bf6 21. Rb1 Re8 22. Be3 Qa5 23. a3 Rb8 24. c3 Bd8 25. Kh1 Qa4 26. Qd1 Qd7 27. f5 Ne5 28. Bxa6 g6 29. Qe2 Qc6 30. Bd4 d5 31. exd5 Qxd5+ 32. Qg2 Qa5 33. fxg6 hxg6 34. Bxe5 Rxe5 35. Bc4 Rg5 36. Bxf7+ Kg7 37. Qe4 Bf6 38. Rg1 Kxf7 39. Rxg5 Qxg5 40. Rg1 Qh5 41. Qc4+ Kf8 42. Qg4 Qd5+ 43. Rg2 Rxb2 44. Qxg6 Qd1+ 45. Rg1 Qf3+ 46. Rg2 Qxh3+ 47. Kg1 Qe3+ 48. Kh2 Be5+ 49. Kh1 Qe1+ 50. Rg1 Rh2# 0-1

[Event "Miercurea Ciuc Bancpost op 19th"]
[Site "Miercurea Ciuc"]
[Date "2016.08.16"]
[Round "3"]
[White "Ghinea, Constantin"]
[Black "Voda, Costel"]
[Result "0-1"]
[WhiteElo "1667"]
[BlackElo "1937"]
[PlyCount "50"]
[EventDate "2016.08.14"]
[EventType "swiss"]
[EventRounds "7"]
[EventCountry "ROU"]
[SourceTitle "EXT 2020"]
[Source "ChessBase"]
[SourceDate "2019.10.17"]
[SourceVersion "1"]
[SourceVersionDate "2019.10.17"]
[SourceQuality "1"]

1. d4 d5 2. c4 dxc4 3. Nc3 e5 4. d5 Bc5 5. e4 f5 6. Bxc4 Nf6 7. Bg5 Qd6 8. Bxf6 Qxf6 9. Nf3 fxe4 10. Nxe4 Bb4+ 11. Ke2 Qf4 12. Bd3 0-0 13. a3 Ba5 14. Rc1 Bg4 15. b4 Bb6 16. d6 cxd6 17. Qb3+ Kh8 18. Bb1 Nc6 19. Rcd1 Nd4+ 20. Rxd4 exd4 21. Re1 Rae8 22. Kf1 Bxf3 23. gxf3 Qxh2 24. Ke2 d3+ 25. Kxd3 Rxf3+ 0-1

[Event "Miercurea Ciuc Banc Post op 13th"]
[Site "Miercurea Ciuc"]
[Date "2010.08.16"]
[Round "8"]
[White "Camarascu, Radu Stefan"]
[Black "Ghinea, Constantin"]
[Result "1/2-1/2"]
[WhiteElo "1752"]
[BlackElo "1813"]
[PlyCount "45"]
[EventDate "2010.08.10"]
[EventType "swiss"]
[EventRounds "9"]
[EventCountry "ROU"]
[SourceTitle "EXT 2012"]
[Source "ChessBase"]
[SourceDate "2011.11.24"]
[SourceVersion "1"]
[SourceVersionDate "2011.11.24"]
[SourceQuality "1"]

1. e4 d6 2. d4 Nf6 3. Nc3 g6 4. Nf3 Bg7 5. h3 0-0 6. Be3 c6 7. Be2 a5 8. 0-0 Nbd7 9. Rb1 Qc7 10. Bd3 e5 11. dxe5 dxe5 12. Qe2 Nh5 13. Rfd1 Nf4 14. Bxf4 exf4 15. a3 Ne5 16. Nxe5 Qxe5 17. Na4 Be6 18. Nb6 Rad8 19. c3 Qg5 20. Kh1 Be5 21. Bc4 h5 22. Bxe6 fxe6 23. Qc4 1/2-1/2

[Event "Miercurea Ciuc Banc Post op 13th"]
[Site "Miercurea Ciuc"]
[Date "2010.08.12"]
[Round "3"]
[White "Ghinea, Constantin"]
[Black "Zlatea, Cezar Stelian"]
[Result "0-1"]
[WhiteElo "1813"]
[BlackElo "1578"]
[PlyCount "51"]
[EventDate "2010.08.10"]
[EventType "swiss"]
[EventRounds "9"]
[EventCountry "ROU"]
[SourceTitle "EXT 2012"]
[Source "ChessBase"]
[SourceDate "2011.11.24"]
[SourceVersion "1"]
[SourceVersionDate "2011.11.24"]
[SourceQuality "1"]

1. e4 e5 2. Bc4 Nf6 3. d4 exd4 4. Nf3 Nc6 5. Ng5 Ne5 6. Bb3 h6 7. f4 hxg5 8. fxe5 Nxe4 9. Qf3 d5 10. exd6 Nxd6 11. 0-0 Be6 12. Bxe6 fxe6 13. Qg4 Qd7 14. Qxd4 Nf5 15. Qxd7+ Kxd7 16. Rd1+ Ke8 17. Bxg5 Bc5+ 18. Kf1 Rxh2 19. Nc3 Ng3+ 20. Ke1 Rh5 21. Bf4 Rh1+ 22. Kd2 Rd8+ 23. Nd5 Rxd5+ 24. Kc3 Rdxd1 25. Rxd1 Rxd1 26. Bxg3 0-1

[Event "Miercurea Ciuc Banc Post op 11th"]
[Site "Miercurea Ciuc"]
[Date "2008.08.21"]
[Round "5"]
[White "Ghinea, Constantin"]
[Black "Fugulyan, Grigore"]
[Result "0-1"]
[WhiteElo "1794"]
[BlackElo "1988"]
[PlyCount "73"]
[EventDate "2008.08.18"]
[EventType "swiss"]
[EventRounds "9"]
[EventCountry "ROU"]
[SourceTitle "CBM 125 Extra"]
[Source "ChessBase"]
[SourceDate "2008.09.01"]
[SourceVersion "1"]
[SourceVersionDate "2008.09.01"]
[SourceQuality "1"]

1. e4 e5 2. Nf3 Nc6 3. Bb5 a6 4. Ba4 Nf6 5. d4 exd4 6. 0-0 Be7 7. e5 Ne4 8. Re1 Nc5 9. Bxc6 dxc6 10. Nxd4 Ne6 11. Be3 Nxd4 12. Qxd4 Qxd4 13. Bxd4 Bf5 14. c3 0-0-0 15. Nd2 c5 16. Be3 Rd3 17. Nb3 b6 18. Rad1 Rhd8 19. Rxd3 Bxd3 20. Rd1 c4 21. Nd4 Kb7 22. f4 c5 23. Nf3 h6 24. g4 b5 25. Kf2 b4 26. Rd2 Kc6 27. f5 a5 28. Bf4 a4 29. cxb4 cxb4 30. Be3 Kd5 31. b3 Ke4 32. Bb6 Rb8 33. Bc7 Bc5+ 34. Kg3 Rc8 35. Bd6 c3 36. Rd1 c2 37. Re1+ 0-1

[Event "Miercurea Ciuc Banc Post op 10th"]
[Site "Miercurea Ciuc"]
[Date "2007.08.19"]
[Round "8"]
[White "Ciotlos, Nicolaie"]
[Black "Ghinea, Constantin"]
[Result "0-1"]
[WhiteElo "401"]
[BlackElo "1835"]
[PlyCount "62"]
[EventDate "2007.08.19"]
[EventType "swiss"]
[EventRounds "9"]
[EventCountry "ROU"]
[SourceTitle "EXT 2010"]
[Source "ChessBase"]
[SourceDate "2010.11.25"]
[SourceVersion "1"]
[SourceVersionDate "2010.11.25"]
[SourceQuality "1"]

1. e4 e5 2. Nf3 Nc6 3. Bc4 Bc5 4. 0-0 Nf6 5. Nc3 a6 6. a3 d6 7. b4 Ba7 8. h3 0-0 9. Bb2 h6 10. d3 Be6 11. Nd5 Rb8 12. c3 Bxd5 13. exd5 Ne7 14. d4 e4 15. Nd2 Qd7 16. Bb3 Qf5 17. c4 Ng6 18. Re1 Nf4 19. Re3 Nd3 20. Rxd3 exd3 21. Nf1 Rbe8 22. Ne3 Qg6 23. Qf1 Nh5 24. Rd1 Nf4 25. g3 Re7 26. Kh2 Ne2 27. c5 Rfe8 28. Bc4 Nxg3 29. fxg3 Rxe3 30. Qg1 Re2+ 31. Kh1 Qe4+ 0-1

[Event "Miercurea Ciuc Banc Post op 10th"]
[Site "Miercurea Ciuc"]
[Date "2007.08.19"]
[Round "5"]
[White "Fola, Marcel Dan"]
[Black "Ghinea, Constantin"]
[Result "1/2-1/2"]
[WhiteElo "440"]
[BlackElo "1835"]
[PlyCount "32"]
[EventDate "2007.08.19"]
[EventType "swiss"]
[EventRounds "9"]
[EventCountry "ROU"]
[SourceTitle "EXT 2010"]
[Source "ChessBase"]
[SourceDate "2010.11.25"]
[SourceVersion "1"]
[SourceVersionDate "2010.11.25"]
[SourceQuality "1"]

1. c4 Nf6 2. d3 g6 3. Nc3 Bg7 4. e3 0-0 5. Nf3 d6 6. Be2 c6 7. 0-0 e5 8. e4 Bg4 9. Bg5 Nbd7 10. h3 Bxf3 11. Bxf3 a5 12. Be3 Qc7 13. Be2 Rad8 14. f4 exf4 15. Bxf4 Qb6+ 16. Kh1 Qxb2 1/2-1/2

[Event "Miercurea Ciuc Banc Post op 10th"]
[Site "Miercurea Ciuc"]
[Date "2007.08.19"]
[Round "7"]
[White "Kokosi, Daniel"]
[Black "Ghinea, Constantin"]
[Result "1-0"]
[WhiteElo "1684"]
[BlackElo "1835"]
[PlyCount "90"]
[EventDate "2007.08.19"]
[EventType "swiss"]
[EventRounds "9"]
[EventCountry "ROU"]
[SourceTitle "EXT 2010"]
[Source "ChessBase"]
[SourceDate "2010.11.25"]
[SourceVersion "1"]
[SourceVersionDate "2010.11.25"]
[SourceQuality "1"]

1. d4 Nf6 2. Nf3 g6 3. c4 d6 4. Nc3 Bg7 5. e4 0-0 6. Be2 c6 7. 0-0 Bg4 8. h3 Bxf3 9. Bxf3 Qc7 10. Be3 Nbd7 11. Qe2 e5 12. d5 a6 13. Rfd1 c5 14. a4 Qa5 15. Qc2 Ne8 16. Bg4 Qc7 17. f4 exf4 18. Bxf4 Ne5 19. Be2 Qe7 20. a5 Qh4 21. Qd2 Rb8 22. Bg5 Qg3 23. Be7 Nf6 24. Bxd6 Nf3+ 25. Bxf3 Qxd6 26. Re1 Nd7 27. Be2 Qg3 28. Qd3 Bd4+ 29. Kh1 Qg5 30. Na4 Ne5 31. Qb3 f5 32. Rf1 f4 33. Nb6 Rf7 34. Rad1 Rbf8 35. Bf3 Qg3 36. Rxd4 cxd4 37. c5 Nxf3 38. Qxf3 d3 39. Rd1 Qh4 40. Nc4 Qd8 41. b4 Qh4 42. e5 g5 43. e6 Re7 44. Ne5 h5 45. Ng6 Rg7 1-0

[Event "Miercurea Ciuc-A 8th"]
[Site "Miercurea Ciuc"]
[Date "2005.08.28"]
[Round "9"]
[White "Bolog, Iulian"]
[Black "Ghinea, Constantin"]
[Result "1-0"]
[WhiteElo "1976"]
[BlackElo "1869"]
[PlyCount "82"]
[EventDate "2005.08.20"]
[EventType "tourn"]
[EventRounds "9"]
[EventCountry "ROU"]
[SourceTitle "CBM 107 Extra"]
[Source "ChessBase"]
[SourceDate "2005.09.01"]
[SourceVersion "1"]
[SourceVersionDate "2005.09.01"]
[SourceQuality "1"]

1. e4 e5 2. Nf3 Nc6 3. Bb5 a6 4. Ba4 d6 5. d4 b5 6. Bb3 Nxd4 7. Nxd4 exd4 8. Bd5 Rb8 9. Qxd4 Nf6 10. 0-0 Be7 11. c3 Bd7 12. Re1 0-0 13. Bb3 Ng4 14. h3 Ne5 15. f4 Nc6 16. Qd3 Bh4 17. g3 Bf6 18. Kh2 Qc8 19. Bc2 g6 20. g4 Be6 21. g5 Bg7 22. Be3 a5 23. Nd2 b4 24. Ba4 bxc3 25. bxc3 Bd7 26. Rab1 Ne5 27. Bxd7 Nxd3 28. Bxc8 Nxe1 29. Rxb8 Bxc3 30. Nb1 Bg7 31. Ba7 Nd3 32. f5 Be5+ 33. Kh1 c5 34. Ba6 Rxb8 35. Bxb8 Nf2+ 36. Kg2 Nxe4 37. fxg6 hxg6 38. h4 Kf8 39. Bd3 Nc3 40. Nxc3 Bxc3 41. Bxd6+ Ke8 1-0

[Event "Miercurea Ciuc-A 8th"]
[Site "Miercurea Ciuc"]
[Date "2005.08.24"]
[Round "5"]
[White "Voegerl, Ronald"]
[Black "Ghinea, Constantin"]
[Result "1-0"]
[WhiteElo "2024"]
[BlackElo "1869"]
[PlyCount "83"]
[EventDate "2005.08.20"]
[EventType "tourn"]
[EventRounds "9"]
[EventCountry "ROU"]
[SourceTitle "CBM 107 Extra"]
[Source "ChessBase"]
[SourceDate "2005.09.01"]
[SourceVersion "1"]
[SourceVersionDate "2005.09.01"]
[SourceQuality "1"]

1. d4 Nf6 2. c4 e6 3. Nc3 Bb4 4. Qc2 c5 5. dxc5 0-0 6. Nf3 Na6 7. Bd2 Nxc5 8. a3 Bxc3 9. Bxc3 Nce4 10. Bxf6 Nxf6 11. e4 Qc7 12. Be2 b6 13. e5 Ng4 14. Ng5 f5 15. Bxg4 h6 16. Bf3 d5 17. Nh3 Ba6 18. 0-0 g5 19. Be2 Rac8 20. Rfe1 Qxe5 21. Qd2 Bb7 22. cxd5 Bxd5 23. Bf3 Qd6 24. Bxd5 exd5 25. Re2 f4 26. Rae1 Rf6 27. f3 d4 28. Re4 d3 29. Nf2 Rd8 30. Re8+ Rxe8 31. Rxe8+ Kf7 32. Re1 Qd4 33. Qxd3 Qxd3 34. Nxd3 Rd6 35. Ne5+ Kf6 36. Ng4+ Kf5 37. Re5+ Kg6 38. Re2 h5 39. Ne5+ Kf5 40. Kf2 g4 41. Nc4 Rd5 42. Nd2 1-0

[Event "Miercurea Ciuc-C 7th"]
[Site "Miercurea Ciuc"]
[Date "2004.08.21"]
[Round "1"]
[White "Ghinea, Constantin"]
[Black "Boehm, Manfred"]
[Result "0-1"]
[WhiteElo "1849"]
[BlackElo "1976"]
[PlyCount "88"]
[EventDate "2004.08.21"]
[EventType "tourn"]
[EventRounds "11"]
[EventCountry "ROU"]
[SourceTitle "CBM 101 Extra"]
[Source "ChessBase"]
[SourceDate "2004.09.01"]
[SourceVersion "2"]
[SourceVersionDate "2004.09.01"]
[SourceQuality "1"]

1. e4 e5 2. Nf3 Nc6 3. Bc4 Nf6 4. Ng5 d5 5. exd5 Nd4 6. d6 Qxd6 7. Bxf7+ Ke7 8. Bb3 Nxb3 9. axb3 Bg4 10. f3 Bf5 11. Nc3 c6 12. d3 h6 13. Nge4 Nxe4 14. fxe4 Bg6 15. Be3 a6 16. 0-0 b5 17. Qe1 Kd7 18. d4 Be7 19. dxe5 Qxe5 20. Rd1+ Ke8 21. Bd4 Qg5 22. Bxg7 Rg8 23. Bd4 Bf7 24. Qd2 Be6 25. Be3 Qg6 26. e5 Rf8 27. Qe2 Bg4 28. Rxf8+ Bxf8 29. Qd3 Bf5 30. Qd4 Be7 31. Qf4 Bxc2 32. Rd2 Bxb3 33. Qxh6 Qxh6 34. Bxh6 b4 35. Ne4 Bd5 36. Nf6+ Bxf6 37. exf6 Kf7 38. Bg5 b3 39. Re2 Re8 40. Re7+ Rxe7 41. fxe7 a5 42. g3 a4 43. Kf2 a3 44. e8Q+ Kxe8 0-1